00578cam a22002291 4500001001300000003000400013005001700017008004100034010001700075035002000092040001800112042001200130043001200142050001600154100003100170245003400201260001100235300002200246500001600268650004700284999001700331sa 64005946 DLC20260227112036.0890616s1963 ii 000 0 beno  asa 64005946  a(OCoLC)19883778 aDLCcWaUdDLC apremarc aa-ii---00aPK1701b.B41 aBedajña, Anāthabandhu.10aSāhityera gati o prakr̥ti. c[1963] a7, 228 p.c22 cm. aIn Bengali. 0aBengali literaturexHistory and criticism. c59426d59426